| 000 | 00713nam a22002057a 4500 | ||
|---|---|---|---|
| 999 |
_c18282 _d18282 |
||
| 003 | AR-CdUCM | ||
| 008 | 190513b ||||| |||| 00| 0 spa d | ||
| 040 |
_aMUNICIPALIDAD PROVINCIAL DEL CUSCO _cBIBLIOTECA MUNICIPAL DEL CUSCO |
||
| 082 |
_a869.26 / _bU26 |
||
| 100 |
_aUgarte, Manuel _915422 |
||
| 245 | _aLa patria grande / | ||
| 260 |
_aMadrid : _bInternacional, _c1924. |
||
| 300 |
_a286 páginas ; _c20 cm. |
||
| 505 | _aContenido: Explicación del titulo -- Carta abierta al presidente de los Estados Unidos -- El congreso panamericano de Buenos Aires... | ||
| 650 |
_aCarta a los EE.UU _938780 |
||
| 650 |
_aMéxico _918 |
||
| 650 |
_aHistoria _9136 |
||
| 942 |
_2ddc _cLIBROS |
||
| 945 |
_adavv _d2019-05-13 |
||